1172 1077 1381 1784 1144 1810 1970 1974 1249 1010 1681 1470 1761 1740 1198 1848 1954 1656 1338 1933 1068 1082 1902 1586 1281 1421 1938 1080 1224 1213 1781 1794 1986 1068 1888 1806 1743 1996 1944 1795 1178 1187 1107 1814 1088 1754 1088 1604 1996 1397 1674 1841 1090 1060 1417 1258 1072 1711 1713 1510 1552 1672 1810 1714 1949 1688 1313 1038 1364 1437 1956 1376 1140 1206 1612 1656 1980 1804 1602 1594 1628 1173 1811 1344 1311 1956 1477 1294 1418 1472 1217 1193 1454 1986 1513 1607 1861 1081 1992 BCNSPRNW ULIB Ver.6.0+V

เปลี่ยนเป็นภาษาไทย

Change to English
 แสดงรายละเอียดบรรณานุกรม
  กลับหน้าหลัก

Brief Record : Get Marc (ISO 2709) : E-mail record : QR code < ปิดหน้าต่าง
LEADER : 00000nam 2200000uu 4500
001    13399127486
003     ULIB
008    200617s2562||||th 000 0 tha d
020 ^- ^a9786161830823
060 ^- ^aWM172.4^bป46B
100 0^ aประเสริฐ ผลิตผลการพิมพ์,
245 10 ^aBurn-out syndrome ภาวะหมดไฟในการทำงาน /^cประเสริฐ ผลิตผลการพิมพ์.
250 ^- ^aพิมพ์ครั้ง1
260 ^- ^aกรุงเทพฯ :^bอมรินทร์เฮลท์,^c2562
300 ^- ^a137 หน้า :^bภาพสีประกอบ.
650 ^4 ^aภาวะเหนื่อยล้าในการทำงาน.
653 ^- ^aBurnout syndrome
945    ^p195^l0^i28392
999    ^aกัณชพร จุลอักษร
รายการนี้ยังไม่มีแท็ก
คุณยังไม่ได้ล็อกอิน คุณสามารถมีกิจกรรมร่วมกับเว็บไซต์ได้ แต่ต้องล็อกอินก่อน ::
  ล็อกอิน

รายการสื่อสารสนเทศ

ลำดับที่ ประเภท เลขเรียก/บาร์โค้ด สถานที่ สถานะ
1. หนังสือสำรอง
หนังสือสำรอง
WM172.4 ป46B ฉ.1 
  Barcode: 28392
ห้องสมุดวิทยาเขตนครสวรรค์
►หนังสือทั่วไป:l:General Books
บนชั้น

รายการใกล้เคียง
    หัวเรื่อง [ภาวะเหนื่อยล้าในการทำงาน.]

BibComment


ยังไม่เคยถูกคอมเมนท์

คอมเมนท์ทรัพยากรรายการนี้
  คอมเมนท์: Burnout syndrome..


 Copyright 2026. Bcnsprnw @Library